| 000 | 01670cam a22003973a 4500 | ||
|---|---|---|---|
| 001 | 3253 | ||
| 003 | PGUSA | ||
| 005 | 20140828083029.0 | ||
| 008 | 041001s2004||||xxu|||||s|||||000 | eng d | ||
| 040 |
_aPGUSA _beng |
||
| 042 | _adc | ||
| 050 | 4 | _aE456 | |
| 100 | 1 |
_aLincoln, Abraham, _d1809-1865 |
|
| 245 | 1 | 4 |
_aThe Papers And Writings Of Abraham Lincoln, Complete _h[electronic resource] / _cAbraham Lincoln |
| 260 |
_bProject Gutenberg, _c2004 |
||
| 505 | 0 | _aIntroduction by Theodore Roosevelt -- Editor's Preface by Arthur Brooks Lapsley -- Abraham Lincoln. An Essay by Carl Shurz -- Abraham Lincoln. Memorial Address by Joseph H. Choate -- The writings of Abraham Lincoln. | |
| 506 | _aPublic domain in the USA. | ||
| 516 | _aElectronic text | ||
| 653 | _aUnited States -- Politics and government -- 1841-1845 | ||
| 653 | _aUnited States -- Politics and government -- 1829-1837 | ||
| 653 | _aIllinois -- Politics and government -- To 1865 | ||
| 653 | _aUnited States -- Politics and government -- 1861-1865 | ||
| 653 | _aUnited States -- Politics and government -- 1845-1861 | ||
| 653 | _aLincoln-Douglas Debates, Ill., 1858 | ||
| 653 | _aLincoln, Abraham, 1809-1865 -- Correspondence | ||
| 653 | _aUnited States -- History -- Civil War, 1861-1865 | ||
| 653 | _aUnited States -- Politics and government -- 1837-1841 | ||
| 653 | _aLincoln, Abraham, 1809-1865 | ||
| 700 | 1 |
_aChoate, Joseph Hodges, _d1832-1917 |
|
| 700 | 1 | _aLapsley, Arthur Brooks | |
| 700 | 1 |
_aRoosevelt, Theodore, _d1858-1919 |
|
| 700 | 1 |
_aSchurz, Carl, _d1829-1906 |
|
| 830 | 0 |
_aProject Gutenberg _v3253 |
|
| 856 | 4 | 0 | _uhttp://www.gutenberg.org/ebooks/3253 |
| 942 | _cEB | ||
| 999 |
_c232582 _d232582 |
||